[Event "Serpiano op"]
[Site "Serpiano"]
[Date "2024.04.05"]
[Round "1"]
[White "Papa, Angelo"]
[Black "Levacic, Damir"]
[Result "0-1"]
[WhiteElo "1785"]
[BlackElo "2121"]
[PlyCount "66"]
[EventDate "2024.04.05"]
[EventType "swiss"]
[EventRounds "5"]
[EventCountry "SUI"]
[SourceTitle "CB16_2024"]
[SourceDate "2024.04.17"]
[SourceVersion "1"]
[SourceVersionDate "2024.04.17"]
[SourceQuality "1"]

1. d4 Nf6 2. Nc3 g6 3. e4 d6 4. Bf4 Bg7 5. Qd2 h6 6. h3 a6 7. Nf3 b5 8. Bd3 Bb7 9. a3 g5 10. Bh2 c5 11. dxc5 dxc5 12. 0-0-0 c4 13. e5 cxd3 14. exf6 Bxf6 15. Qxd3 Qxd3 16. Rxd3 Nd7 17. Nd5 Bxd5 18. Rxd5 Nb6 19. Rd3 Nc4 20. c3 0-0 21. Rhd1 a5 22. Nd2 Nxd2 23. R3xd2 b4 24. c4 Rfc8 25. b3 bxa3 26. Kb1 a4 27. bxa4 Rxa4 28. Rd8+ Rxd8 29. Rxd8+ Kh7 30. Ka2 Rxc4 31. Kxa3 Rc2 32. Bg3 h5 33. Kb3 Rb2+ 0-1

[Event "SUI-chT"]
[Site "Switzerland"]
[Date "2023.08.26"]
[Round "6.8"]
[White "Fischer, Daniel1111"]
[Black "Levacic, Damir"]
[Result "1-0"]
[WhiteElo "2378"]
[BlackElo "2140"]
[PlyCount "63"]
[EventDate "2023.04.16"]
[EventType "team-tourn"]
[EventRounds "9"]
[EventCountry "SUI"]
[SourceTitle "EXT 2024"]
[Source "ChessBase"]
[SourceDate "2023.10.10"]
[SourceVersion "1"]
[SourceVersionDate "2023.10.10"]
[SourceQuality "1"]
[WhiteTeam "Zuerich"]
[BlackTeam "Mendrisio"]
[WhiteTeamCountry "SUI"]
[BlackTeamCountry "SUI"]

1. e4 e6 2. d4 d5 3. Nc3 Bb4 4. e5 Qd7 5. Qg4 f5 6. Qg3 b6 7. a3 Bf8 8. b4 Ne7 9. Nf3 h6 10. h4 g6 11. Bd3 c6 12. a4 Rg8 13. Ba3 Bb7 14. b5 a6 15. bxc6 Nbxc6 16. Rb1 Na5 17. Rxb6 Nc8 18. Bxf8 Nxb6 19. Bxh6 Nxa4 20. Nxa4 Qxa4 21. 0-0 Kd7 22. Rb1 Bc6 23. Qg5 Qa3 24. Rb6 Nc4 25. Bxc4 dxc4 26. d5 Bxd5 27. Rd6+ Kc8 28. Qe7 Qa4 29. Bf8 Qa5 30. Qd7+ Kb8 31. Rxd5 Qxd5 32. Bd6+ 1-0

[Event "Francophonie-ch 9th"]
[Site "Yamoussoukro"]
[Date "2023.07.04"]
[Round "3"]
[White "Traore, Bakary"]
[Black "Levacic, Damir"]
[Result "1/2-1/2"]
[WhiteElo "2169"]
[BlackElo "2140"]
[PlyCount "166"]
[EventDate "2023.07.02"]
[EventType "swiss"]
[EventRounds "9"]
[EventCountry "IVO"]
[SourceTitle "CBM 215 Extra"]
[Source "ChessBase"]
[SourceDate "2023.09.30"]
[SourceVersion "1"]
[SourceVersionDate "2023.09.30"]
[SourceQuality "1"]

1. e4 d6 2. d4 g6 3. Nc3 Bg7 4. Nf3 Nf6 5. Be2 0-0 6. 0-0 c6 7. a4 Nbd7 8. Bg5 h6 9. Bf4 Qc7 10. h3 e5 11. dxe5 dxe5 12. Be3 Nh5 13. Qd2 Nf4 14. Rfd1 Nxe2+ 15. Nxe2 Kh7 16. Ng3 Re8 17. Ra3 Nf8 18. Bc5 b6 19. Be3 Ba6 20. Qd6 Qb7 21. Raa1 Ne6 22. Qd7 Red8 23. Qxb7 Bxb7 24. a5 c5 25. Rxd8 Rxd8 26. axb6 axb6 27. Ra7 Rd1+ 28. Kh2 Rd7 29. Nd2 h5 30. Nc4 b5 31. Nd6 Rxd6 32. Rxb7 h4 33. Ne2 Nd4 34. Nxd4 exd4 35. Bg5 c4 36. Rxb5 d3 37. cxd3 cxd3 38. Bd2 Rc6 39. Rd5 Bxb2 40. Rxd3 Rc4 41. f3 Bd4 42. g3 hxg3+ 43. Kxg3 f5 44. Kf4 fxe4 45. fxe4 Ra4 46. Be3 Bg7 47. Rd7 Kg8 48. Bc5 Rc4 49. Bd6 Ra4 50. Be5 Bh6+ 51. Kf3 Ra3+ 52. Kg4 Re3 53. Rd4 Kf7 54. Bg3 Bg7 55. Rc4 Re2 56. h4 Ke6 57. Ra4 Bf6 58. Ra6+ Kf7 59. Ra7+ Ke6 60. Kf3 Rc2 61. Ra6+ Kf7 62. e5 Rc3+ 63. Ke4 Rxg3 64. Rxf6+ Ke7 65. Kf4 Rg1 66. Ra6 Rf1+ 67. Kg5 Rg1+ 68. Kf4 Rf1+ 69. Kg4 Rg1+ 70. Kf3 Rh1 71. Kg3 Kd7 72. Ra3 Ke6 73. Re3 Rg1+ 74. Kf4 Rf1+ 75. Kg5 Rg1+ 76. Kf4 Rh1 77. Kg3 Rg1+ 78. Kf3 Rf1+ 79. Kg2 Rf4 80. Kh3 Rf5 81. Kg4 Rh5 82. Re1 Rf5 83. Re4 Rh5 1/2-1/2

[Event "SUI-chT"]
[Site "Switzerland"]
[Date "2023.04.16"]
[Round "1.8"]
[White "Bichsel, Walter"]
[Black "Levacic, Damir"]
[Result "1/2-1/2"]
[WhiteElo "2266"]
[BlackElo "2159"]
[PlyCount "100"]
[EventDate "2023.04.16"]
[EventType "team-tourn"]
[EventRounds "9"]
[EventCountry "SUI"]
[SourceTitle "CBM 213 Extra"]
[Source "ChessBase"]
[SourceDate "2023.05.31"]
[SourceVersion "1"]
[SourceVersionDate "2023.05.31"]
[SourceQuality "1"]
[WhiteTeam "Winterthur"]
[BlackTeam "Mendrisio"]
[WhiteTeamCountry "SUI"]
[BlackTeamCountry "SUI"]

1. e4 d6 2. d4 g6 3. Nc3 Bg7 4. h3 Nf6 5. Nf3 c5 6. dxc5 Qa5 7. Bb5+ Bd7 8. Bxd7+ Nbxd7 9. 0-0 Qxc5 10. Be3 Qh5 11. Nd5 Nxd5 12. Qxd5 Qxd5 13. exd5 Rc8 14. c3 Nc5 15. Rfe1 Kd7 16. Rad1 h6 17. Re2 Rhe8 18. Bd4 Bxd4 19. Rxd4 b5 20. Rh4 Rh8 21. Rb4 a6 22. Rd4 Na4 23. Rde4 Rhe8 24. Rh4 Rc5 25. Rd2 Nb6 26. Rhd4 a5 27. Ne1 Rc4 28. Nc2 Rec8 29. Ne3 Rxd4 30. Rxd4 Na4 31. c4 b4 32. Rd2 Nc5 33. f3 h5 34. Kf2 a4 35. Ke2 e5 36. dxe6+ fxe6 37. Rd1 Rf8 38. h4 Kc7 39. g3 Rb8 40. Rd4 Rh8 41. Rf4 Rh7 42. Rf8 Rg7 43. Nc2 b3 44. axb3 axb3 45. Nd4 g5 46. Nb5+ Kd7 47. Ra8 Kc6 48. Rc8+ Kb6 49. Rb8+ Kc6 50. Rc8+ Kb6 1/2-1/2

[Event "Lugano Paradiso op 19th"]
[Site "Lugano"]
[Date "2022.05.06"]
[Round "1"]
[White "Morotti, Elisa"]
[Black "Levacic, Damir"]
[Result "0-1"]
[WhiteElo "1453"]
[BlackElo "2170"]
[PlyCount "60"]
[EventDate "2022.05.06"]
[EventType "swiss"]
[EventRounds "5"]
[EventCountry "SUI"]
[SourceTitle "CBM 208 Extra"]
[Source "ChessBase"]
[SourceDate "2022.07.31"]
[SourceVersion "1"]
[SourceVersionDate "2022.07.31"]
[SourceQuality "1"]

1. e4 g6 2. d4 Bg7 3. f4 d5 4. e5 Nh6 5. h3 Nf5 6. Ne2 h5 7. Qd3 b6 8. Nbc3 Ba6 9. Qf3 e6 10. Qf2 Qe7 11. a3 c5 12. g3 Nc6 13. dxc5 bxc5 14. Bg2 Ncd4 15. Nxd4 cxd4 16. Nd1 Rc8 17. Rg1 Qc5 18. c3 dxc3 19. Nxc3 Bf8 20. Bf3 Qxf2+ 21. Kxf2 Bc5+ 22. Kg2 Bxg1 23. Kxg1 Nxg3 24. Be3 Rc7 25. Bd1 0-0 26. Na4 Rfc8 27. b4 Ne4 28. Ra2 d4 29. Bf2 Rc1 30. Nb2 Nc3 0-1

[Event "Mendrisio op 25th"]
[Site "Mendrisio"]
[Date "2021.09.10"]
[Round "1"]
[White "Levacic, Damir"]
[Black "Vincenti, Leonardo"]
[Result "1-0"]
[WhiteElo "2193"]
[BlackElo "1091"]
[PlyCount "39"]
[EventDate "2021.09.10"]
[EventType "swiss"]
[EventRounds "5"]
[EventCountry "SUI"]
[SourceTitle "EXT 2022"]
[Source "ChessBase"]
[SourceDate "2021.10.06"]
[SourceVersion "1"]
[SourceVersionDate "2021.10.06"]
[SourceQuality "1"]

1. e4 d6 2. d4 Nf6 3. Nc3 g6 4. Bc4 Bg7 5. Qe2 e5 6. dxe5 dxe5 7. Be3 0-0 8. Bc5 Re8 9. Rd1 Nbd7 10. Nf3 b6 11. Bxf7+ Kh8 12. Ba3 c5 13. Bxe8 Qxe8 14. Nd5 Nxd5 15. exd5 b5 16. Qxb5 Rb8 17. Qe2 e4 18. 0-0 Bxb2 19. Bxb2+ Rxb2 20. Qc4 1-0

[Event "Lugano Paradiso op"]
[Site "Lugano"]
[Date "2021.09.05"]
[Round "5"]
[White "Acor, Corey B"]
[Black "Levacic, Damir"]
[Result "1/2-1/2"]
[WhiteElo "2277"]
[BlackElo "2193"]
[PlyCount "42"]
[EventDate "2021.09.03"]
[EventType "swiss"]
[EventRounds "5"]
[EventCountry "SUI"]
[SourceTitle "EXT 2022"]
[Source "ChessBase"]
[SourceDate "2021.10.06"]
[SourceVersion "1"]
[SourceVersionDate "2021.10.06"]
[SourceQuality "1"]

1. d4 Nf6 2. Nf3 e6 3. e3 b6 4. Bd3 Bb7 5. Nbd2 c5 6. b3 cxd4 7. exd4 Nd5 8. c4 Nf4 9. Bf1 d5 10. g3 Ng6 11. Bg2 Bd6 12. 0-0 0-0 13. Re1 Nd7 14. Bb2 Rc8 15. Rc1 Qe7 16. cxd5 Bxd5 17. Nc4 Bb4 18. Re2 Nf6 19. Ne3 Rxc1 20. Qxc1 Be4 21. Ne5 Bxg2 1/2-1/2

[Event "Lugano Paradiso op"]
[Site "Lugano"]
[Date "2021.09.04"]
[Round "2"]
[White "Levacic, Damir"]
[Black "Kasipour Azbari, Seyed Arvin"]
[Result "1/2-1/2"]
[WhiteElo "2193"]
[BlackElo "1970"]
[PlyCount "40"]
[EventDate "2021.09.03"]
[EventType "swiss"]
[EventRounds "5"]
[EventCountry "SUI"]
[SourceTitle "EXT 2022"]
[Source "ChessBase"]
[SourceDate "2021.10.06"]
[SourceVersion "1"]
[SourceVersionDate "2021.10.06"]
[SourceQuality "1"]

1. d4 Nf6 2. Nf3 g6 3. Bf4 Bg7 4. e3 d6 5. h3 0-0 6. Be2 c5 7. c3 cxd4 8. exd4 Nc6 9. 0-0 e5 10. dxe5 dxe5 11. Nxe5 Nd5 12. Nxc6 bxc6 13. Bc1 Bf5 14. Qa4 Qb6 15. Na3 Rfe8 16. Bf3 Bd3 17. Rd1 Be2 18. Bxe2 Rxe2 19. Rf1 Rae8 20. Qd1 a6 1/2-1/2

[Event "Lugano Paradiso op"]
[Site "Lugano"]
[Date "2021.09.04"]
[Round "3"]
[White "Matei, Robert"]
[Black "Levacic, Damir"]
[Result "0-1"]
[WhiteElo "1722"]
[BlackElo "2193"]
[PlyCount "76"]
[EventDate "2021.09.03"]
[EventType "swiss"]
[EventRounds "5"]
[EventCountry "SUI"]
[SourceTitle "EXT 2022"]
[Source "ChessBase"]
[SourceDate "2021.10.06"]
[SourceVersion "1"]
[SourceVersionDate "2021.10.06"]
[SourceQuality "1"]

1. Nf3 Nf6 2. b3 d5 3. e3 Bg4 4. Bb2 e6 5. Be2 Nbd7 6. c4 Bd6 7. Nc3 c6 8. Qc2 0-0 9. d3 e5 10. Rd1 Rc8 11. Nd2 d4 12. Nce4 Bxe2 13. Kxe2 Nc5 14. exd4 exd4 15. Bxd4 Re8 16. f3 Nh5 17. Be3 f5 18. Nxd6 Qxd6 19. Ne4 fxe4 20. dxe4 Nf4+ 21. Kf1 Qf8 22. g3 Ng6 23. Kg2 Ne5 24. Rdf1 a5 25. a3 Red8 26. b4 Na6 27. c5 axb4 28. axb4 Qf7 29. Bf4 Nxb4 30. Qc3 Ned3 31. Bd6 Qa2+ 32. Kh3 Qe6+ 33. Kg2 Ra8 34. Ra1 Ra2+ 35. Rxa2 Qxa2+ 36. Kh3 Nf2+ 37. Kh4 Qe6 38. g4 Nxh1 0-1

[Event "Lugano op"]
[Site "Lugano"]
[Date "2021.08.01"]
[Round "4"]
[White "Levacic, Damir"]
[Black "Sala, Tiziano Paolo"]
[Result "1-0"]
[WhiteElo "2199"]
[BlackElo "1933"]
[PlyCount "87"]
[EventDate "2021.07.30"]
[EventType "swiss"]
[EventRounds "5"]
[EventCountry "SUI"]
[SourceTitle "EXT 2022"]
[Source "ChessBase"]
[SourceDate "2021.10.06"]
[SourceVersion "1"]
[SourceVersionDate "2021.10.06"]
[SourceQuality "1"]

1. Nf3 d5 2. g3 Nf6 3. Bg2 e6 4. b3 Be7 5. Bb2 c5 6. 0-0 0-0 7. d3 Nc6 8. Nbd2 b6 9. e4 Bb7 10. Qe2 a5 11. a4 Qc7 12. h4 Ba6 13. e5 Nd7 14. h5 Nb4 15. c4 Rad8 16. Rad1 Nb8 17. Nb1 N8c6 18. Na3 Na7 19. Nh2 Bc8 20. Ng4 d4 21. Bc1 f5 22. exf6 Bxf6 23. Nxf6+ gxf6 24. Bh6 Rf7 25. f4 Kh8 26. g4 Rg8 27. Kh1 e5 28. f5 Bb7 29. Rg1 Re8 30. Be4 Bxe4+ 31. Qxe4 Qb7 32. Qxb7 Rxb7 33. g5 fxg5 34. Rxg5 Rg8 35. Rxg8+ Kxg8 36. Rg1+ Kh8 37. Rg3 Rd7 38. Kg2 Nac6 39. Nb5 e4 40. dxe4 d3 41. Bd2 Nd4 42. Bxb4 Nxb5 43. Bd2 Rg7 44. axb5 1-0

[Event "Angers op 11th"]
[Site "Angers"]
[Date "2016.05.08"]
[Round "5"]
[White "Kollar, Romain"]
[Black "Levacic, Damir"]
[Result "1-0"]
[WhiteElo "1942"]
[BlackElo "2237"]
[PlyCount "84"]
[EventDate "2016.05.06"]
[EventType "swiss"]
[EventRounds "6"]
[EventCountry "FRA"]
[SourceTitle "CBM 172 Extra"]
[Source "ChessBase"]
[SourceDate "2016.06.21"]
[SourceVersion "1"]
[SourceVersionDate "2016.06.21"]
[SourceQuality "1"]

1. e4 c5 2. Nf3 d6 3. d4 Nf6 4. Nc3 cxd4 5. Nxd4 Nc6 6. f3 e6 7. Be3 Be7 8. Qd2 a6 9. 0-0-0 Qc7 10. g4 Na5 11. g5 Nd7 12. f4 b5 13. b3 Bb7 14. Bd3 Rc8 15. f5 Qxc3 16. Qxc3 Rxc3 17. Bd2 Rxd3 18. cxd3 Nc6 19. Nxc6 Bxc6 20. fxe6 fxe6 21. h4 0-0 22. Rhf1 Rc8 23. Kb2 d5 24. exd5 Bxd5 25. d4 g6 26. Rc1 Rd8 27. Ba5 Re8 28. Rc7 Nb8 29. Rfc1 Bd6 30. Rc8 Rxc8 31. Rxc8+ Kf7 32. Bc7 Nc6 33. Bxd6 Nxd4 34. Rc7+ Ke8 35. Rxh7 Nf5 36. Be5 Bf3 37. Kc3 Ne7 38. Bf6 Nc6 39. Kd3 Bg4 40. Ke3 e5 41. Rc7 Na5 42. Bxe5 Bd1 1-0

[Event "Angers op 11th"]
[Site "Angers"]
[Date "2016.05.07"]
[Round "3"]
[White "Bailet, Pierre"]
[Black "Levacic, Damir"]
[Result "0-1"]
[WhiteElo "2499"]
[BlackElo "2237"]
[PlyCount "98"]
[EventDate "2016.05.06"]
[EventType "swiss"]
[EventRounds "6"]
[EventCountry "FRA"]
[SourceTitle "CBM 172 Extra"]
[Source "ChessBase"]
[SourceDate "2016.06.21"]
[SourceVersion "1"]
[SourceVersionDate "2016.06.21"]
[SourceQuality "1"]

1. e4 d6 2. d4 Nf6 3. Nc3 g6 4. Bg5 Bg7 5. Qd2 h6 6. Bf4 c6 7. 0-0-0 b5 8. f3 b4 9. Nce2 a5 10. Kb1 Nbd7 11. Nc1 Nb6 12. Bd3 Be6 13. Nge2 Kf8 14. e5 Nfd5 15. Bg3 a4 16. f4 Qd7 17. exd6 exd6 18. f5 Bxf5 19. Bxf5 gxf5 20. Qd3 a3 21. b3 Re8 22. Rhf1 Ne3 23. Nf4 Nxd1 24. Rxd1 Re4 25. Nce2 h5 26. Be1 Bh6 27. g3 Bxf4 28. Nxf4 Rxf4 29. gxf4 Nd5 30. Bd2 Rh6 31. Kc1 h4 32. Qf3 Qa7 33. Qd3 Rg6 34. Re1 Re6 35. Kd1 Rxe1+ 36. Bxe1 Qe7 37. Qf3 Ne3+ 38. Kd2 Nd5 39. Bf2 Nc3 40. Be3 Nxa2 41. Qxc6 Nc3 42. Qc8+ Qe8 43. Qxf5 a2 44. Qa5 Nb1+ 45. Kc1 Qxe3+ 46. Kb2 Qxd4+ 47. Kxa2 Nc3+ 48. Kb2 Na4+ 49. Kc1 Qe3+ 0-1

[Event "EU Small Countries ol 3rd"]
[Site "Monte Carlo"]
[Date "2013.11.28"]
[Round "5"]
[White "Levacic, Damir"]
[Black "Nilssen, John Arni"]
[Result "0-1"]
[WhiteElo "2239"]
[BlackElo "2366"]
[PlyCount "80"]
[EventDate "2013.11.25"]
[EventType "team-tourn"]
[EventRounds "9"]
[EventCountry "MNC"]
[SourceTitle "CBM 157 Extra"]
[Source "ChessBase"]
[SourceDate "2013.12.19"]
[SourceVersion "1"]
[SourceVersionDate "2013.12.19"]
[SourceQuality "1"]
[WhiteTeam "Monaco"]
[BlackTeam "Faroe Islands"]
[WhiteTeamCountry "MNC"]
[BlackTeamCountry "FAI"]

1. d4 d5 2. c4 e6 3. Nc3 c6 4. e4 dxe4 5. Nxe4 Bb4+ 6. Nc3 c5 7. a3 Ba5 8. Be3 Nf6 9. dxc5 Bxc3+ 10. bxc3 Qa5 11. Qb3 0-0 12. Be2 Ne4 13. Rc1 Qc7 14. Nf3 Nxc5 15. Qc2 e5 16. Rd1 f6 17. 0-0 Nba6 18. Qd2 Be6 19. Qd6 Qxd6 20. Rxd6 Rfd8 21. Rfd1 Rxd6 22. Rxd6 Kf7 23. Kf1 Ne4 24. Rxa6 bxa6 25. c5 Rc8 26. Bxa6 Rc7 27. c6 Nd6 28. Bb7 Nxb7 29. cxb7 Rxb7 30. Nd2 Rc7 31. Ne4 Bc4+ 32. Ke1 Bd5 33. Nd6+ Ke6 34. Nb5 Rd7 35. f3 a6 36. Na7 Rc7 37. Kd2 Kd7 38. a4 Rc4 39. a5 Kc7 40. Bb6+ Kb7 0-1

[Event "Reunion op 15th"]
[Site "St Denis"]
[Date "2013.10.16"]
[Round "5"]
[White "Rajaonson, Andriamahenina"]
[Black "Levacic, Damir"]
[Result "0-1"]
[WhiteElo "1904"]
[BlackElo "2238"]
[PlyCount "64"]
[EventDate "2013.10.12"]
[EventType "swiss"]
[EventRounds "9"]
[EventCountry "RUF"]
[SourceTitle "EXT 2014"]
[Source "ChessBase"]
[SourceDate "2013.11.20"]
[SourceVersion "1"]
[SourceVersionDate "2013.11.20"]
[SourceQuality "1"]

1. f4 d5 2. Nf3 c5 3. g3 g6 4. Bg2 Bg7 5. 0-0 Nc6 6. d3 Nf6 7. Nc3 0-0 8. e4 dxe4 9. dxe4 Qxd1 10. Rxd1 e5 11. fxe5 Ng4 12. Nd5 Ngxe5 13. Nxe5 Nxe5 14. Ne7+ Kh8 15. Nxc8 Raxc8 16. Rb1 b5 17. c3 a5 18. Bf4 Nc4 19. Rd5 Nb6 20. Rd6 Na4 21. Bf1 c4 22. Rd5 Rc5 23. Bd6 Rxd5 24. Bxf8 Rd2 25. Ba3 Kg8 26. Bh3 Bf8 27. Bxf8 Kxf8 28. Bc8 Nxb2 29. Ba6 b4 30. Rc1 Nd3 31. Rf1 bxc3 32. Bxc4 c2 0-1

[Event "Reunion op 15th"]
[Site "St Denis"]
[Date "2013.10.13"]
[Round "2"]
[White "Levacic, Damir"]
[Black "Nassau, Pierre Alexandre"]
[Result "1-0"]
[WhiteElo "2238"]
[BlackElo "1772"]
[PlyCount "89"]
[EventDate "2013.10.12"]
[EventType "swiss"]
[EventRounds "9"]
[EventCountry "RUF"]
[SourceTitle "EXT 2014"]
[Source "ChessBase"]
[SourceDate "2013.11.20"]
[SourceVersion "1"]
[SourceVersionDate "2013.11.20"]
[SourceQuality "1"]

1. d4 d5 2. Nf3 Nf6 3. c4 c6 4. Nc3 e6 5. cxd5 exd5 6. Bg5 h6 7. Bh4 Be7 8. Qc2 0-0 9. e3 Qb6 10. Bd3 Na6 11. a3 Be6 12. b4 Nb8 13. Ne5 a5 14. b5 cxb5 15. Nxb5 Rc8 16. Qe2 Nbd7 17. f4 Nf8 18. 0-0 Bd7 19. Rab1 Bxb5 20. Rxb5 Qd6 21. a4 b6 22. Qa2 Rc3 23. Rfb1 Rac8 24. Rxb6 Qa3 25. Qxa3 Rxa3 26. Rb7 Bd8 27. Bf5 Rc7 28. Rxc7 Bxc7 29. Bxf6 gxf6 30. Nd3 Rxa4 31. Kf2 Kg7 32. Bc8 Ng6 33. Rb7 Ra2+ 34. Kg3 Rc2 35. Nc5 Bd6 36. Bf5 Rc3 37. Ne6+ Kg8 38. Bxg6 fxg6 39. Kf3 g5 40. Rg7+ Kh8 41. Rd7 Ba3 42. Rxd5 Bc1 43. Ke4 Rxe3+ 44. Kf5 gxf4 45. Kg6 1-0

[Event "FRA-chT1B 0708"]
[Site "France"]
[Date "2007.11.25"]
[Round "3.4"]
[White "Crut, Aurelien"]
[Black "Levacic, Damir"]
[Result "0-1"]
[WhiteElo "2317"]
[BlackElo "2253"]
[PlyCount "116"]
[EventDate "2007.10.21"]
[EventType "team"]
[EventRounds "11"]
[EventCountry "FRA"]
[SourceTitle "EXT 2009"]
[Source "ChessBase"]
[SourceDate "2008.11.26"]
[SourceVersion "1"]
[SourceVersionDate "2008.11.26"]
[SourceQuality "1"]
[WhiteTeam "Besancon TPG"]
[BlackTeam "Cannes II"]
[WhiteTeamCountry "FRA"]
[BlackTeamCountry "FRA"]

1. e4 c5 2. Nf3 d6 3. Bb5+ Bd7 4. Bxd7+ Qxd7 5. 0-0 Nc6 6. c3 Nf6 7. d4 cxd4 8. cxd4 d5 9. e5 Ne4 10. Be3 e6 11. Nbd2 Nxd2 12. Nxd2 g6 13. Nf3 Bg7 14. Qd2 h6 15. Rac1 g5 16. b4 b6 17. h4 gxh4 18. Nxh4 Bf8 19. a3 Rc8 20. Rc3 a5 21. b5 Na7 22. Rxc8+ Qxc8 23. Qb2 Qc4 24. Rb1 Kd7 25. Nf3 Be7 26. Nd2 Qd3 27. a4 Rc8 28. Qb3 Rc3 29. Qd1 Bg5 30. Bxg5 hxg5 31. Nf3 Qxd1+ 32. Rxd1 Ra3 33. Nxg5 Rxa4 34. Rd3 Nxb5 35. Rf3 Nxd4 36. Rxf7+ Kc6 37. Re7 b5 38. Nxe6 Nxe6 39. Rxe6+ Kc5 40. Ra6 Ra1+ 41. Kh2 a4 42. e6 d4 43. f4 d3 44. f5 d2 45. e7 d1Q 46. e8Q Qg1+ 47. Kg3 Ra3+ 48. Kg4 Qh2 49. Kg5 Rg3+ 50. Kf6 Qh6+ 51. Qg6 Rxg6+ 52. fxg6 Qf8+ 53. Kg5 Kd5 54. Ra7 a3 55. g7 Qg8 56. Kg6 b4 57. Rf7 a2 58. Rf5+ Kc4 0-1